000 00769nam a2200241Ia 4500
003 OSt
005 20220927105022.0
006 a|||||r|||| 00| 0
007 ta
008 220926b |||||||| |||| 00| 0 eng d
024 _a187446
037 _cReference Collections
040 _aRTL
_cRTL
_beng
041 _2eng
_aeng
082 _a"X813.2.N49<N45r, H9"
110 _a"GUJERAT PARSI MUTUAL LIFE INSURANCE SOCIETY,SURAT"
_9369476
245 0 _a"Annual report,1949"
260 _aSurat
_bGujerat Parsi Mutual Life Insurance Society
_c1949
300 _a13p
_ccm.
700 _a"GUJERAT PARSI MUTUAL LIFE INSURANCE SOCIETY,SURAT"
_9369477
942 _h"X813.2.N49<N45r, H9"
_cCC
999 _c690248
_d690248